[Event "Almunecar FEDC op 23th"]
[Site "Almunecar"]
[Date "2019.10.02"]
[Round "5"]
[White "Iglesias Estrada, Jesus"]
[Black "Redondo Maguregui, Juan Manuel"]
[Result "0-1"]
[WhiteElo "1350"]
[BlackElo "1638"]
[PlyCount "56"]
[EventDate "2019.09.28"]
[EventType "swiss"]
[EventRounds "7"]
[EventCountry "ESP"]
[SourceTitle "EXT 2024"]
[Source "ChessBase"]
[SourceDate "2023.10.10"]
[SourceVersion "1"]
[SourceVersionDate "2023.10.10"]
[SourceQuality "1"]

1. e4 c5 2. Nf3 e6 3. d3 Nc6 4. Be3 Qb6 5. b3 g6 6. Nbd2 Bg7 7. Rb1 Nge7 8. Be2 d5 9. 0-0 0-0 10. c4 Rd8 11. Ne1 Qa5 12. a4 b6 13. Ndf3 dxe4 14. Ng5 exd3 15. Bf3 e5 16. Ne4 f5 17. Bd2 Qa6 18. Bg5 fxe4 19. Bxe4 Bb7 20. Bxe7 Nxe7 21. Bxd3 e4 22. Qe2 exd3 23. Qxe7 Re8 24. Qd7 Rad8 25. Qb5 Qxb5 26. axb5 Be4 27. Rd1 d2 28. Nf3 Bxf3 0-1

[Event "Almunecar FEDC op 23th"]
[Site "Almunecar"]
[Date "2019.10.01"]
[Round "4"]
[White "Iglesias Estrada, Jesus"]
[Black "Septien Lopez, Valeriano"]
[Result "0-1"]
[WhiteElo "1350"]
[BlackElo "1849"]
[PlyCount "24"]
[EventDate "2019.09.28"]
[EventType "swiss"]
[EventRounds "7"]
[EventCountry "ESP"]
[SourceTitle "EXT 2024"]
[Source "ChessBase"]
[SourceDate "2023.10.10"]
[SourceVersion "1"]
[SourceVersionDate "2023.10.10"]
[SourceQuality "1"]

1. d4 Nf6 2. c4 c5 3. Nf3 cxd4 4. Nxd4 g6 5. Bf4 Bg7 6. e3 Nc6 7. f3 Nh5 8. Bg5 Qa5+ 9. Nc3 Qxg5 10. Qc2 Nxd4 11. exd4 Bxd4 12. Nd5 0-0 0-1

[Event "Almunecar FEDC op 21th"]
[Site "Almunecar"]
[Date "2018.10.06"]
[Round "5"]
[White "Rodriguez Gonzalez, Jaime"]
[Black "Iglesias Estrada, Jesus"]
[Result "1-0"]
[WhiteElo "1473"]
[BlackElo "1315"]
[PlyCount "57"]
[EventDate "2018.10.02"]
[EventType "swiss"]
[EventRounds "7"]
[EventCountry "ESP"]
[SourceTitle "EXT 2024"]
[Source "ChessBase"]
[SourceDate "2023.10.10"]
[SourceVersion "1"]
[SourceVersionDate "2023.10.10"]
[SourceQuality "1"]

1. e4 e5 2. Nf3 Nf6 3. Nc3 d6 4. Bc4 Be7 5. h3 h6 6. d3 0-0 7. 0-0 b6 8. Nd5 Nbd7 9. Nxe7+ Qxe7 10. Re1 Bb7 11. Nh2 c6 12. Ng4 d5 13. Bb3 Bc8 14. exd5 cxd5 15. Ne3 Qe6 16. f4 Re8 17. Bd2 Nc5 18. fxe5 Nfd7 19. Bxd5 Qxe5 20. Bxa8 Qxb2 21. Nc4 Rxe1+ 22. Bxe1 Qf6 23. Bg3 Qf5 24. Nd6 Qg5 25. Qf3 Ba6 26. Qxf7+ Kh7 27. Be4+ Nxe4 28. Nxe4 Qe3+ 29. Bf2 1-0

[Event "Benidorm FEDC op 20th"]
[Site "Benidorm"]
[Date "2018.06.11"]
[Round "2"]
[White "Merino Gomez, Aurelio"]
[Black "Iglesias Estrada, Jesus"]
[Result "1-0"]
[WhiteElo "1584"]
[BlackElo "1349"]
[PlyCount "81"]
[EventDate "2018.06.10"]
[EventType "swiss"]
[EventRounds "7"]
[EventCountry "ESP"]
[SourceTitle "CBM 184 Extra"]
[Source "ChessBase"]
[SourceDate "2018.06.28"]
[SourceVersion "1"]
[SourceVersionDate "2018.06.28"]
[SourceQuality "1"]

1. d4 d5 2. Bf4 Nf6 3. e3 e6 4. Nf3 Be7 5. Nbd2 0-0 6. Bd3 Nbd7 7. h3 b6 8. 0-0 c5 9. c3 Bb7 10. Ne5 c4 11. Bc2 b5 12. a3 Bd6 13. Nxd7 Qxd7 14. Bxd6 Qxd6 15. Nf3 Rfe8 16. Ne5 a5 17. Qf3 Re7 18. Rfd1 a4 19. Qe2 h6 20. Rf1 Nd7 21. Nf3 e5 22. dxe5 Nxe5 23. Nd4 Qd7 24. Rad1 g6 25. Rd2 f5 26. Qd1 Rf8 27. Bb1 Nc6 28. Nc2 Ne5 29. Nb4 Rd8 30. Qc1 Qd6 31. Rfd1 Qc5 32. Rd4 Red7 33. Qd2 Nc6 34. Nxc6 Bxc6 35. Qe2 Re8 36. Qf3 Ree7 37. Qf4 Kg7 38. Qg3 Re6 39. Bxf5 Rf6 40. Bxd7 Bxd7 41. Rxd5 1-0

[Event "Almunecar FEDC op 19th"]
[Site "Almunecar"]
[Date "2017.10.01"]
[Round "2.19"]
[White "Iglesias Estrada, Jesus"]
[Black "Martinez Martinez, Juan Antonio"]
[Result "0-1"]
[WhiteElo "1327"]
[BlackElo "1611"]
[PlyCount "47"]
[EventDate "2017.09.30"]
[EventType "swiss"]
[EventRounds "7"]
[EventCountry "ESP"]
[SourceTitle "EXT 2024"]
[Source "ChessBase"]
[SourceDate "2023.10.10"]
[SourceVersion "1"]
[SourceVersionDate "2023.10.10"]
[SourceQuality "1"]

1. c4 e5 2. d4 exd4 3. Qxd4 Nc6 4. Qe4+ Be7 5. e3 Nf6 6. Qc2 d5 7. cxd5 Qxd5 8. Nc3 Qa5 9. Bd2 Bb4 10. a3 0-0 11. 0-0-0 Bf5 12. e4 Nd4 13. Qa4 Qxa4 14. Nxa4 Bxd2+ 15. Kxd2 Nxe4+ 16. Ke3 Nc2+ 17. Ke2 Rad8 18. f3 Rxd1 19. fxe4 Bg4+ 20. Nf3 Rfd8 21. Kf2 Bxf3 22. gxf3 R8d2+ 23. Kg3 Ne3 24. Nc3 0-1

[Event "Benidorm op 18th"]
[Site "Benidorm"]
[Date "2017.06.15"]
[Round "5"]
[White "Iglesias Estrada, Jesus"]
[Black "Rincon Martin, Santiago"]
[Result "0-1"]
[WhiteElo "1328"]
[BlackElo "1615"]
[PlyCount "53"]
[EventDate "2017.06.11"]
[EventType "swiss"]
[EventRounds "7"]
[EventCountry "ESP"]
[SourceTitle "EXT 2018"]
[Source "ChessBase"]
[SourceDate "2017.10.13"]
[SourceVersion "1"]
[SourceVersionDate "2017.10.13"]
[SourceQuality "1"]

1. d4 f5 2. c4 Nf6 3. Nc3 g6 4. f3 d6 5. e4 Bg7 6. e5 dxe5 7. dxe5 Nfd7 8. f4 Nc5 9. Nf3 Qxd1+ 10. Nxd1 b6 11. Nc3 Be6 12. Be2 c6 13. 0-0 0-0 14. Rd1 Nba6 15. Nd4 Nc7 16. b4 Ne4 17. Rd3 Rad8 18. Ba3 c5 19. bxc5 Nxc5 20. Ndb5 Rxd3 21. Bxd3 Nxb5 22. cxb5 Rd8 23. Rd1 Bh6 24. Bc4 Rxd1+ 25. Nxd1 Bxf4 26. h3 Kg7 27. Kf2 0-1

[Event "Almunecar FEDC op 17th"]
[Site "Almunecar"]
[Date "2016.09.25"]
[Round "1"]
[White "Martinez Morina, Manel"]
[Black "Iglesias Estrada, Jesus"]
[Result "1-0"]
[WhiteElo "1728"]
[BlackElo "1346"]
[PlyCount "73"]
[EventDate "2016.09.25"]
[EventType "swiss"]
[EventRounds "7"]
[EventCountry "ESP"]
[SourceTitle "EXT 2017"]
[Source "ChessBase"]
[SourceDate "2016.10.25"]
[SourceVersion "1"]
[SourceVersionDate "2016.10.25"]
[SourceQuality "1"]

1. e4 c5 2. Nf3 Nf6 3. e5 Nd5 4. c4 Nc7 5. Nc3 Nc6 6. Be2 g6 7. d3 Bg7 8. Bf4 0-0 9. Qd2 Re8 10. 0-0 Ne6 11. Bg3 b6 12. Rfe1 Bb7 13. Bd1 Ncd4 14. Nxd4 Nxd4 15. Ne2 Nf5 16. d4 e6 17. f4 d5 18. Ba4 Re7 19. dxc5 bxc5 20. Bf2 d4 21. Nc1 Rc7 22. Nd3 Nh4 23. Bxh4 Qxh4 24. g3 Qg4 25. Bd1 Qh3 26. Qf2 Bf8 27. Bf3 Rb8 28. b3 a5 29. Bxb7 Rbxb7 30. Qf3 Be7 31. Nf2 Qh6 32. Ne4 Rb6 33. Nf2 a4 34. Qa8+ Kg7 35. Qxa4 f5 36. Qa5 Qh5 37. Qxb6 1-0

[Event "Benidorm Ciegos-ch 15th"]
[Site "Benidorm"]
[Date "2015.06.12"]
[Round "6"]
[White "Garcia Cruz, Francisco"]
[Black "Iglesias Estrada, Jesus"]
[Result "1-0"]
[WhiteElo "1530"]
[BlackElo "1624"]
[PlyCount "57"]
[EventDate "2015.06.07"]
[EventType "swiss"]
[EventRounds "7"]
[EventCountry "ESP"]
[SourceTitle "CBM 167 Extra"]
[Source "ChessBase"]
[SourceDate "2015.09.14"]
[SourceVersion "1"]
[SourceVersionDate "2015.09.14"]
[SourceQuality "1"]

1. d4 d5 2. Nf3 h6 3. g3 Nf6 4. Bg2 Bf5 5. Nbd2 e6 6. 0-0 c5 7. c3 Nc6 8. e3 b5 9. dxc5 Bxc5 10. Nb3 Be7 11. Nbd4 Nxd4 12. Nxd4 Qd7 13. Nxf5 exf5 14. Qd3 Qd6 15. Qxb5+ Kf8 16. Rd1 Rb8 17. Qd3 Rd8 18. Qxf5 g6 19. Qc2 Qe5 20. b3 Kg8 21. Bb2 Qh5 22. h3 Kh7 23. Rd4 Qe5 24. Rad1 Rd7 25. c4 Qf5 26. Qxf5 gxf5 27. Bxd5 Nxd5 28. Rxd5 Rxd5 29. Rxd5 1-0

[Event "Benidorm Ciegos-ch 15th"]
[Site "Benidorm"]
[Date "2015.06.11"]
[Round "5"]
[White "Iglesias Estrada, Jesus"]
[Black "Sanchez Soler, Manuel"]
[Result "1/2-1/2"]
[WhiteElo "1624"]
[BlackElo "1419"]
[PlyCount "83"]
[EventDate "2015.06.07"]
[EventType "swiss"]
[EventRounds "7"]
[EventCountry "ESP"]
[SourceTitle "CBM 167 Extra"]
[Source "ChessBase"]
[SourceDate "2015.09.14"]
[SourceVersion "1"]
[SourceVersionDate "2015.09.14"]
[SourceQuality "1"]

1. d4 d5 2. c4 c6 3. e3 Nf6 4. h3 Bf5 5. Nc3 e6 6. a3 Qa5 7. Nf3 Ne4 8. Bd2 Nxd2 9. Nxd2 Bd6 10. b4 Qc7 11. c5 Be7 12. Nf3 0-0 13. Ne2 Nd7 14. Nf4 b6 15. Bd3 bxc5 16. bxc5 Qa5+ 17. Qd2 Qxd2+ 18. Nxd2 Bxd3 19. Nxd3 Rab8 20. 0-0 Bf6 21. Rab1 Rxb1 22. Rxb1 Rb8 23. Rxb8+ Nxb8 24. Nf3 Nd7 25. Kh2 h6 26. Nde5 Nxe5 27. Nxe5 Bxe5+ 28. dxe5 f6 29. exf6 gxf6 30. Kg3 Kg7 31. Kf4 Kg6 32. g4 e5+ 33. Kg3 d4 34. exd4 exd4 35. Kf3 d3 36. Ke3 d2 37. Kxd2 f5 38. gxf5+ Kxf5 39. Ke3 Ke5 40. Kd3 Kd5 41. f4 h5 42. h4 1/2-1/2